000 00385nam a2200145Ia 4500
008 220217s9999||||xx |||||||||||||| ||und||
020 _a0-07-463542-5
082 _a00 5.133 BAL
100 _aBalagurusamy, E
245 0 _aProgramming with java : a primer
250 _a2nd
260 _aTata mcgraw hill
_bNew Delhi
_c2000
300 _b155
650 _aPROGRAMMING LANGUAGE
999 _c166122
_d166122